Calciatori disegnati dall’IA #1 - Statistics

Statistiche generali
  • Questo quiz è stato fatto 69 volte
  • Il punteggio medio è 12 su 16
Statistiche sulle risposte
con Immagini Risposta % Corretto
Cristiano Ronaldo
100%
Diego Maradona
100%
Pelé
100%
Zlatan Ibrahimović
98%
Wayne Rooney
91%
Erling Haaland
88%
Luis Suárez
88%
Gareth Bale
86%
Thierry Henry
74%
George Best
68%
Samuel Eto'o
65%
Johan Cruyff
58%
Franz Beckenbauer
48%
Peter Schmeichel
45%
Carlos Valderrama
35%
Lev Jašin
15%
Nessun quiz corrispondente trovato
Distribuzione punteggi
Percentuale di utenti per punteggio
Percentile per numero di risposta
I tuoi punteggi nel tempo
Non hai fatto questo quiz